000 00587nam a2200217 a 4500
999 _c3323
_d3323
001 3323
003 BD-JhCC
005 20171112191742.0
008 171112s1969 b ||||| |||| 00| 0 b d
035 _a(BD-JhCC)
040 _aBD-JhCC
_dBD-JhCC
041 _aben
082 _a500
_bJAB 1969
100 _aএম.এ জব্বার,
245 _aসাত সমুদ্র /
_cএম.এ জব্বার
260 _aঢাকা :
_bবুক ভিলা,
_c১৯৬৯
300 _a248 p. :
_c22cm.
650 _aScience Essays
942 _2ddc
_cBK